| 000 | 00555nam a2200229Ia 4500 | ||
|---|---|---|---|
| 999 |
_c58113 _d58113 |
||
| 003 | 0100 | ||
| 005 | 20170531092608.0 | ||
| 008 | 130303s9999 xx 000 0 und d | ||
| 020 | _a0802150276 | ||
| 040 | _cARRUPELIB | ||
| 050 | _aDT282.F313 | ||
| 100 |
_aFanon, Frantz _931733 |
||
| 245 | 2 | _aA dying colonialism | |
| 260 |
_bGrove Press _aNew York _c1965 |
||
| 300 | _a181p. | ||
| 300 | _b 21cm | ||
| 650 |
_bAlgeria _xSocial conditions _931734 |
||
| 700 |
_aChevalier, Haakon and Gilly, Adolfo _931735 |
||
| 942 |
_2lcc _01 _cMONOGRAPH |
||